| 000 | 01500nam a2200265Ia 4500 | ||
|---|---|---|---|
| 999 |
_c53161 _d53161 |
||
| 001 | 20200 | ||
| 003 | GE_BSU | ||
| 005 | 20200606232016.0 | ||
| 008 | 181216s2011||||ge |||||||||||||| ||geo|| | ||
| 020 | _a978994131745 | ||
| 040 | _cGE_BSU | ||
| 041 | _ageo | ||
| 080 | _a378.4(479.22-25) უ-47 | ||
| 245 |
_aუნივერსიტეტი : _bივანე ჯავახიშვილის სახელობის თბილისის სახელმწიფო უნივერსიტეტი, 1918-2010 / _cტექსტის ავტ.ზურაბ გაიპარაშვილი, თამარ ებრალიძე, ნანა კაჭარავა [და სხვ.]. |
||
| 250 | _aმე-2 გამოცემა | ||
| 264 |
_aთბილისი : _bშპს ["ფავორიტი პრინტი"], _c2011. |
||
| 300 |
_a186 გვ. : _bფოტ. ; _c24 სმ. |
||
| 546 | _aტექსტი ქართულ და ინგლიურ ენებზე | ||
| 653 | _aგანათლება | ||
| 653 | _aთბილისის სახელმწიფო უნივერსიტეტის ისტორია | ||
| 700 |
_aგაიპარაშვილი, ზურაბ _eავტორი _98311 |
||
| 700 |
_a ებრალიძე, თამარ _eავტორი _98312 |
||
| 700 |
_aკაჭარავა, ნანა _eავტორი _98313 |
||
| 942 |
_cBK _2udc |
||